• 首页
  • 本馆介绍
  • 公告通知
  • 最新文献
  • 馆藏检索
  • 电子资源
  • 读者导购
  • 参考咨询
  • 我的图书馆
  • 登录
  • 详细信息显示
  • 放入我的书架
  • 预约/预借图书
  • 作者相关作品
  • 分类相关作品
  • 丛书相关作品
  • 出版社相关作品

书目信息

  • 表格格式
  • 工作单格式
  • 卡片格式
题名:
原本大学微言
    
 
作者: 南怀谨 著
分册:  
出版信息: 上海   复旦大学出版社  2003.4
页数: 14,715页
开本: 20cm
丛书名:
单 册:
中图分类: B222.15
科图分类:
主题词: 大学--研究
电子资源:
ISBN: 978-7-309-03551-3
000 00914nam0 2200289 450
000 00877nam0 2200277 450
000 00840nam0 2200265 450
000 00766nam0 2200241 450
000 00945nam0 2200277 45
001 1359673656
005 20130529082435.17
010    @a978-7-309-03551-3
100    @a20130513d2003 ekmy0chiy0120 ea
101 0  @achi
102    @aCN@b310000
105    @ay z 000yy
106    @ar
200 1  @a原本大学微言@AYuan Ben Da Xue Wei Yan@f南怀谨著@FNan Huai Jin Zhu
210    @a上海@c复旦大学出版社@d2003.4
215    @a14,715页@d20cm
330    @a该书以“亲民”、“至善”为纲,“格物、致知、诚意、正心、修身、齐家、治国、平天下”为目,对道德修养与社会政治的关系作了系统的论述。
606 0  @a大学@x研究
690    @aB222.15@v5
701  0 @a南怀谨@ANan Huai Jin@4著
801    @aCN@bTANGWEI@c20130522
905    @b0832956-61@dB222.15@e433@f6
    
    原本大学微言/南怀谨著.-上海:复旦大学出版社,2003.4
    14,715页;20cm
    
    
    ISBN 978-7-309-03551-3:
    该书以“亲民”、“至善”为纲,“格物、致知、诚意、正心、修身、齐家、治国、平天下”为目,对道德修养与社会政治的关系作了系统的论述。
●
相关链接 在E读中查询图书 在五车中查询图书 在当当中查询图书 在豆瓣中查询图书


正题名:原本大学微言     索取号:B222.15/433         预约/预借

序号 登录号 条形码 馆藏地/架位号 状态 备注
1 0832956   208329566   第一样本阅览室/ [索取号:B222.15/433] 在馆    
2 0832957   208329575   第一借阅区/ [索取号:B222.15/433] 在馆    
3 0832958   208329584   第一借阅区/ [索取号:B222.15/433] 在馆    
4 0832959   208329593   第一借阅区/ [索取号:B222.15/433] 在馆    
5 0832960   208329600   第一借阅区/ [索取号:B222.15/433] 在馆    
6 0832961   208329619   第一借阅区/ [索取号:B222.15/433] 在馆    
唐山师范学院图书馆 欢迎您!
大连网信软件有限公司© 版权所有